[Event "Baku Chess Olympiad | Open"]
[Site "chess24.com"]
[Date "2016.09.08"]
[Round "6"]
[White "Colovic, Aleksandar"]
[Black "Kabilov, Amin"]
[Result "*"]
[Board "3"]
[WhiteID "15000729"]
[WhiteElo "2432"]
[WhiteTitle "GM"]
[WhiteCountry "MKD"]
[WhiteFideId "15000729"]
[BlackID "14700859"]
[BlackElo "2150"]
[BlackCountry "TJK"]
[BlackFideId "14700859"]

1. d4 {[%clk 1:30:51]} Nf6 {[%clk 1:30:25]} 2. Nf3 {[%clk 1:31:05]} e6 {[%clk
1:28:13]} 3. g3 {[%clk 1:30:40]} b5 {[%clk 1:20:43]} 4. Qd3 {[%clk 1:25:46]} a6
{[%clk 1:19:24]} 5. e4 {[%clk 1:26:05]} Bb7 {[%clk 1:18:15]} 6. Nbd2 {[%clk
1:21:09]} d6 {[%clk 1:06:27]} 7. Bg2 {[%clk 1:19:05]} Be7 {[%clk 1:06:38]} 8. O-O
{[%clk 1:19:30]} Nbd7 {[%clk 1:05:41]} 9. Re1 {[%clk 1:16:25]} O-O {[%clk
1:04:25]} 10. c3 {[%clk 1:11:43]} c5 {[%clk 1:01:29]} 11. e5 {[%clk 1:00:57]}
dxe5 {[%clk 1:00:31]} 12. dxe5 {[%clk 1:01:24]} Nd5 {[%clk 0:58:19]} 13. Ne4
{[%clk 0:54:28]} h6 {[%clk 0:46:03]} 14. b3 {[%clk 0:48:38]} Qc7 {[%clk 0:38:33]}
15. Ned2 {[%clk 0:37:13]} Rfd8 {[%clk 0:27:42]} 16. c4 {[%clk 0:34:33]} Nb4
{[%clk 0:23:26]} 17. Qb1 {[%clk 0:32:15]} Rab8 {[%clk 0:17:34]} 18. a3 {[%clk
0:30:09]} Nc6 {[%clk 0:17:27]} 19. Qb2 {[%clk 0:19:27]} Nb6 {[%clk 0:14:55]} 20.
cxb5 {[%clk 0:15:48]} axb5 {[%clk 0:15:11]} 21. Qc2 {[%clk 0:16:13]} Nd4 {[%clk
0:09:47]} 22. Nxd4 {[%clk 0:16:39]} Rxd4 {[%clk 0:10:04]} 23. Ne4 {[%clk
0:12:12]} Rd7 {[%clk 0:05:48]} 24. Bb2 {[%clk 0:07:43]} Rbd8 {[%clk 0:04:23]} 25.
Rac1 {[%clk 0:04:20]} Bxe4 {[%clk 0:03:44]} 26. Qxe4 {[%clk 0:04:18]} c4 {[%clk
0:03:10]} 27. a4 {[%clk 0:02:59]} bxa4 {[%clk 0:02:48]} 28. bxa4 {[%clk 0:02:56]}
Qa7 {[%clk 0:02:40]} 29. Ra1 {[%clk 0:01:53]} Bc5 {[%clk 0:02:37]} 30. Ba3 {[%clk
0:01:10]} Bxa3 {[%clk 0:02:19]} 31. Rxa3 {[%clk 0:01:39]} Qa5 {[%clk 0:02:12]}
32. Raa1 {[%clk 0:00:50]} Rd2 {[%clk 0:02:07]} 33. Qc6 {[%clk 0:01:01]} Rb2
{[%clk 0:02:08]} 34. Rec1 {[%clk 0:00:34]} Rc8 {[%clk 0:01:55]} 35. Qb7 {[%clk
0:00:57]} Qc5 {[%clk 0:01:50]} 36. Qf3 {[%clk 0:01:03]} Qa5 {[%clk 0:01:10]} 37.
Qc3 {[%clk 0:00:57]} Qxc3 {[%clk 0:01:17]} 38. Rxc3 {[%clk 0:01:26]} Nd5 {[%clk
0:01:29]} 39. Rcc1 {[%clk 0:01:23]} c3 {[%clk 0:01:07]} 40. a5 {[%clk 0:31:03]}
c2 {[%clk 0:30:44]} 41. Bxd5 {[%clk 0:26:16]} exd5 {[%clk 0:31:03]} 42. Kf1
{[%clk 0:26:42]} Kh7 {[%clk 0:22:46]} 43. Ke2 {[%clk 0:24:14]} Ra8 {[%clk
0:18:37]} 44. Kd3 {[%clk 0:22:37]} Rb5 {[%clk 0:17:38]} 45. a6 {[%clk 0:19:56]}
Rb6 {[%clk 0:18:01]} 46. Rxc2 {[%clk 0:17:44]} Raxa6 {[%clk 0:18:13]} 47. Rxa6
{[%clk 0:18:11]} Rxa6 {[%clk 0:18:32]} 48. Kd4 {[%clk 0:18:40]} Ra5 {[%clk
0:18:38]} 49. h4 {[%clk 0:17:52]} Kg6 {[%clk 0:16:13]} 50. Rc7 {[%clk 0:18:01]}
Ra3 {[%clk 0:13:22]} 51. h5+ {[%clk 0:14:39]} Kf5 {[%clk 0:12:16]} 52. Rxf7+
{[%clk 0:14:15]} Ke6 {[%clk 0:12:44]} 53. Rxg7 {[%clk 0:14:34]} Ra4+ {[%clk
0:13:06]} 54. Ke3 {[%clk 0:12:50]} Ra3+ {[%clk 0:12:29]} 55. Kf4 {[%clk 0:11:42]}
Ra4+ {[%clk 0:12:21]} 56. Kf3 {[%clk 0:11:22]} Kxe5 {[%clk 0:10:12]} 57. Rg6
{[%clk 0:11:32]} Kf5 {[%clk 0:05:07]} 58. g4+ {[%clk 0:09:53]} Ke5 {[%clk
0:05:24]} 59. Rxh6 {[%clk 0:10:19]} Ra3+ {[%clk 0:05:41]} 60. Kg2 {[%clk
0:10:16]} d4 {[%clk 0:04:55]} 61. Rg6 {[%clk 0:06:05]} *

[Event "Baku Chess Olympiad | Open"]
[Site "chess24.com"]
[Date "2016.09.08"]
[Round "6"]
[White "Mohammed, Zozek Salah Mohammed"]
[Black "Cu Hor, Winston Darwin"]
[Result "*"]
[Board "1"]
[WhiteID "4803361"]
[WhiteElo "2251"]
[WhiteTitle "FM"]
[WhiteCountry "IRQ"]
[WhiteFideId "4803361"]
[BlackID "7300662"]
[BlackElo "2318"]
[BlackTitle "FM"]
[BlackCountry "GUA"]
[BlackFideId "7300662"]

1. d4 {[%clk 1:30:57]} Nf6 {[%clk 1:30:00]} 2. c4 {[%clk 1:31:22]} e6 {[%clk
1:30:25]} 3. Nc3 {[%clk 1:31:48]} Bb4 {[%clk 1:30:49]} 4. e3 {[%clk 1:32:01]} O-O
{[%clk 1:31:13]} 5. Ne2 {[%clk 1:32:05]} d5 {[%clk 1:28:12]} 6. a3 {[%clk
1:32:08]} Be7 {[%clk 1:28:36]} 7. cxd5 {[%clk 1:31:55]} exd5 {[%clk 1:29:01]} 8.
Nf4 {[%clk 1:31:55]} Re8 {[%clk 1:27:06]} 9. Bd3 {[%clk 1:30:57]} c5 {[%clk
1:25:59]} 10. O-O {[%clk 1:23:48]} cxd4 {[%clk 1:13:48]} 11. exd4 {[%clk
1:24:13]} Nc6 {[%clk 1:14:01]} 12. Bc2 {[%clk 1:21:47]} Bd6 {[%clk 1:05:26]} 13.
Qd3 {[%clk 1:16:05]} g6 {[%clk 1:02:39]} 14. Bb3 {[%clk 1:10:06]} Bf5 {[%clk
0:54:30]} 15. Qd1 {[%clk 1:08:16]} Ne7 {[%clk 0:40:58]} 16. h3 {[%clk 1:03:28]}
Be6 {[%clk 0:28:41]} 17. Nxe6 {[%clk 0:57:13]} fxe6 {[%clk 0:29:08]} 18. Bg5
{[%clk 0:55:24]} Kg7 {[%clk 0:28:41]} 19. Re1 {[%clk 0:53:49]} Neg8 {[%clk
0:27:30]} 20. Qd3 {[%clk 0:45:24]} Rc8 {[%clk 0:26:22]} 21. Re2 {[%clk 0:44:24]}
a6 {[%clk 0:24:23]} 22. Rae1 {[%clk 0:41:46]} Qb6 {[%clk 0:24:31]} 23. Na4 {[%clk
0:32:09]} Qc6 {[%clk 0:24:05]} 24. Rc2 {[%clk 0:21:09]} Qb5 {[%clk 0:22:41]} 25.
Qxb5 {[%clk 0:21:02]} axb5 {[%clk 0:23:00]} 26. Nc3 {[%clk 0:20:09]} b4 {[%clk
0:20:20]} 27. Nb5 {[%clk 0:20:00]} Rxc2 {[%clk 0:19:47]} 28. Bxc2 {[%clk
0:19:39]} Bb8 {[%clk 0:17:22]} 29. axb4 {[%clk 0:18:51]} Kf7 {[%clk 0:16:13]} 30.
Nc3 {[%clk 0:15:15]} Bd6 {[%clk 0:16:05]} 31. Ra1 {[%clk 0:11:18]} Bxb4 {[%clk
0:14:45]} 32. Ra7 {[%clk 0:11:37]} Re7 {[%clk 0:13:43]} 33. Nb5 {[%clk 0:10:26]}
Rd7 {[%clk 0:11:02]} 34. Bf4 {[%clk 0:08:59]} Ne7 {[%clk 0:08:46]} 35. Ba4 {[%clk
0:07:33]} Nc6 {[%clk 0:08:11]} 36. Ra8 {[%clk 0:07:59]} Rd8 {[%clk 0:05:14]} 37.
Rxd8 {[%clk 0:08:20]} Nxd8 {[%clk 0:05:43]} 38. Kf1 {[%clk 0:07:49]} Nc6 {[%clk
0:04:30]} 39. Ke2 {[%clk 0:07:14]} Nd7 {[%clk 0:03:43]} 40. g4 {[%clk 0:34:18]}
Be7 {[%clk 0:32:15]} 41. Bc2 {[%clk 0:28:58]} Bf6 {[%clk 0:28:47]} 42. Be3 {[%clk
0:29:11]} e5 {[%clk 0:25:46]} 43. Bb3 {[%clk 0:23:25]} Nxd4+ {[%clk 0:14:05]} 44.
Nxd4 {[%clk 0:22:27]} exd4 {[%clk 0:14:30]} 45. Bxd5+ {[%clk 0:22:51]} Ke7 {[%clk
0:14:35]} 46. Bc1 {[%clk 0:19:09]} b6 {[%clk 0:13:08]} 47. b4 {[%clk 0:17:35]} g5
{[%clk 0:10:38]} 48. f4 {[%clk 0:14:22]} h6 {[%clk 0:11:06]} 49. Kd3 {[%clk
0:09:56]} Kd6 {[%clk 0:10:07]} 50. Bc4 {[%clk 0:09:26]} Nb8 {[%clk 0:05:41]} 51.
Ke4 {[%clk 0:08:37]} Nc6 {[%clk 0:05:44]} 52. Bd2 {[%clk 0:08:42]} Ne7 {[%clk
0:06:03]} 53. f5 {[%clk 0:04:58]} Kc6 {[%clk 0:05:05]} 54. Be6 {[%clk 0:04:33]}
Kd6 {[%clk 0:04:35]} 55. Be1 {[%clk 0:03:47]} Nc6 {[%clk 0:02:23]} *

[Event "Baku Chess Olympiad | Open"]
[Site "chess24.com"]
[Date "2016.09.08"]
[Round "6"]
[White "Juarez Flores, Gustavo E."]
[Black "Abdulwahhab, Ahmed Abdulsattar A"]
[Result "*"]
[Board "4"]
[WhiteID "7300034"]
[WhiteElo "2114"]
[WhiteTitle "FM"]
[WhiteCountry "GUA"]
[WhiteFideId "7300034"]
[BlackID "4801849"]
[BlackElo "2236"]
[BlackTitle "FM"]
[BlackCountry "IRQ"]
[BlackFideId "4801849"]

1. e4 {[%clk 1:30:56]} c5 {[%clk 1:30:48]} 2. Nc3 {[%clk 1:31:11]} e6 {[%clk
1:30:54]} 3. g3 {[%clk 1:31:12]} Nc6 {[%clk 1:29:22]} 4. Bg2 {[%clk 1:31:35]} g6
{[%clk 1:28:17]} 5. d3 {[%clk 1:29:53]} Bg7 {[%clk 1:25:39]} 6. Be3 {[%clk
1:28:50]} d6 {[%clk 1:22:54]} 7. Qd2 {[%clk 1:23:28]} Nd4 {[%clk 1:21:10]} 8. f4
{[%clk 1:16:46]} Ne7 {[%clk 1:20:39]} 9. Nd1 {[%clk 1:07:33]} O-O {[%clk
1:13:27]} 10. c3 {[%clk 1:07:33]} Ndc6 {[%clk 1:13:44]} 11. Nf3 {[%clk 1:03:59]}
b6 {[%clk 1:11:00]} 12. d4 {[%clk 0:56:03]} Ba6 {[%clk 1:00:51]} 13. Nf2 {[%clk
0:52:22]} cxd4 {[%clk 1:01:03]} 14. Nxd4 {[%clk 0:51:36]} Nxd4 {[%clk 1:01:18]}
15. Bxd4 {[%clk 0:51:08]} e5 {[%clk 1:01:15]} 16. Be3 {[%clk 0:50:45]} Qc7 {[%clk
0:59:03]} 17. Nd3 {[%clk 0:50:05]} Rad8 {[%clk 0:50:40]} 18. Nb4 {[%clk 0:50:01]}
Bb7 {[%clk 0:50:48]} 19. O-O {[%clk 0:45:16]} a5 {[%clk 0:43:50]} 20. Nd5 {[%clk
0:42:15]} Bxd5 {[%clk 0:43:47]} 21. exd5 {[%clk 0:42:34]} Nf5 {[%clk 0:44:02]}
22. Bf2 {[%clk 0:40:07]} Bh6 {[%clk 0:38:31]} 23. Bh3 {[%clk 0:38:58]} Ne7 {[%clk
0:35:17]} 24. Be3 {[%clk 0:32:01]} exf4 {[%clk 0:34:20]} 25. gxf4 {[%clk
0:31:49]} Rfe8 {[%clk 0:32:37]} 26. Rad1 {[%clk 0:28:12]} Nxd5 {[%clk 0:28:30]}
27. Bd4 {[%clk 0:21:57]} Re4 {[%clk 0:24:27]} 28. Bg2 {[%clk 0:14:53]} Nxf4
{[%clk 0:21:01]} 29. Bxe4 {[%clk 0:09:39]} Nh3+ {[%clk 0:21:20]} 30. Kg2 {[%clk
0:07:50]} Bxd2 {[%clk 0:21:41]} 31. Rxd2 {[%clk 0:07:44]} d5 {[%clk 0:19:24]} 32.
Bf6 {[%clk 0:05:43]} Nf4+ {[%clk 0:19:31]} 33. Kg1 {[%clk 0:04:50]} Re8 {[%clk
0:19:25]} 34. Bf3 {[%clk 0:05:04]} Qd6 {[%clk 0:16:11]} 35. Bh4 {[%clk 0:04:06]}
Qc5+ {[%clk 0:15:27]} 36. Kh1 {[%clk 0:04:27]} Qc4 {[%clk 0:15:37]} 37. Rfd1
{[%clk 0:04:04]} Re3 {[%clk 0:12:24]} 38. Rd4 {[%clk 0:04:17]} Qc7 {[%clk
0:12:17]} 39. Rf1 {[%clk 0:04:01]} Qe5 {[%clk 0:08:00]} 40. Bg3 {[%clk 0:33:45]}
g5 {[%clk 0:38:17]} 41. Bxf4 {[%clk 0:32:08]} gxf4 {[%clk 0:38:33]} 42. Rxd5
{[%clk 0:31:55]} Qe7 {[%clk 0:36:42]} 43. Rd4 {[%clk 0:31:27]} Re1 {[%clk
0:36:18]} 44. Rd1 {[%clk 0:30:50]} Rxf1+ {[%clk 0:32:10]} 45. Rxf1 {[%clk
0:31:18]} Qe3 {[%clk 0:32:10]} 46. Kg2 {[%clk 0:31:23]} Kg7 {[%clk 0:32:26]} 47.
Rf2 {[%clk 0:31:47]} Kf6 {[%clk 0:32:24]} 48. Re2 {[%clk 0:32:06]} Qd3 {[%clk
0:32:43]} 49. Kf2 {[%clk 0:31:45]} Kg5 {[%clk 0:32:13]} 50. Re5+ {[%clk 0:31:50]}
f5 {[%clk 0:30:56]} 51. Re2 {[%clk 0:31:23]} a4 {[%clk 0:27:48]} 52. a3 {[%clk
0:31:44]} Qb1 {[%clk 0:27:58]} 53. Rd2 {[%clk 0:30:55]} Kh4 {[%clk 0:26:30]} 54.
Kg2 {[%clk 0:31:09]} Qc1 {[%clk 0:25:27]} 55. Re2 {[%clk 0:31:16]} Qd1 {[%clk
0:25:01]} 56. Re6 {[%clk 0:30:43]} Qd2+ {[%clk 0:25:13]} 57. Re2 {[%clk 0:31:08]}
Qd8 {[%clk 0:24:34]} 58. Rf2 {[%clk 0:27:58]} Qg8+ {[%clk 0:22:05]} 59. Kh1
{[%clk 0:28:08]} Qg7 {[%clk 0:21:05]} 60. Re2 {[%clk 0:26:47]} Qd7 {[%clk
0:19:03]} 61. Kg2 {[%clk 0:26:58]} Qd3 {[%clk 0:19:12]} 62. Rf2 {[%clk 0:27:16]}
Kg5 {[%clk 0:19:25]} 63. Re2 {[%clk 0:25:54]} h5 {[%clk 0:19:44]} 64. Kf2 {[%clk
0:23:44]} h4 {[%clk 0:19:40]} 65. Kg2 {[%clk 0:23:27]} h3+ {[%clk 0:19:13]} 66.
Kf2 {[%clk 0:23:50]} Qd1 {[%clk 0:19:12]} 67. Re1 {[%clk 0:23:41]} Qc2+ {[%clk
0:19:35]} 68. Re2 {[%clk 0:24:06]} Qc1 {[%clk 0:19:45]} 69. Bc6 {[%clk 0:23:32]}
f3 {[%clk 0:20:06]} 70. Bxf3 {[%clk 0:19:33]} Qf4 {[%clk 0:20:15]} 71. Re8 {[%clk
0:16:49]} Qxh2+ {[%clk 0:20:36]} 72. Ke3 {[%clk 0:16:51]} Qxb2 {[%clk 0:19:02]}
73. Rg8+ {[%clk 0:17:09]} Kf6 {[%clk 0:19:21]} 74. Rf8+ {[%clk 0:16:51]} Kg6
{[%clk 0:18:42]} 75. Rc8 {[%clk 0:16:19]} h2 {[%clk 0:18:55]} 76. Rc6+ {[%clk
0:14:28]} Kg5 {[%clk 0:19:11]} 77. Rc8 {[%clk 0:13:05]} Qc1+ {[%clk 0:17:27]} 78.
Ke2 {[%clk 0:10:04]} h1Q {[%clk 0:17:37]} *

[Event "Baku Chess Olympiad | Open"]
[Site "chess24.com"]
[Date "2016.09.08"]
[Round "6"]
[White "Lee, Jun Hyeok"]
[Black "Mabrouk, Fathi"]
[Result "1-0"]
[Board "1"]
[WhiteID "13202340"]
[WhiteElo "2238"]
[WhiteTitle "FM"]
[WhiteCountry "KOR"]
[WhiteFideId "13202340"]
[WhiteEloChange "7"]
[BlackID "5500672"]
[BlackElo "2145"]
[BlackCountry "TUN"]
[BlackFideId "5500672"]
[BlackEloChange "-7"]

1. d4 {[%clk 1:30:54]} Nf6 {[%clk 1:30:52]} 2. c4 {[%clk 1:31:05]} c5 {[%clk
1:31:02]} 3. d5 {[%clk 1:30:37]} b5 {[%clk 1:31:14]} 4. cxb5 {[%clk 1:30:35]} a6
{[%clk 1:31:36]} 5. bxa6 {[%clk 1:31:00]} g6 {[%clk 1:30:47]} 6. Nc3 {[%clk
1:31:26]} Bxa6 {[%clk 1:31:09]} 7. e4 {[%clk 1:31:50]} Bxf1 {[%clk 1:31:09]} 8.
Kxf1 {[%clk 1:32:17]} d6 {[%clk 1:30:51]} 9. g3 {[%clk 1:32:42]} Bg7 {[%clk
1:31:17]} 10. Kg2 {[%clk 1:33:08]} O-O {[%clk 1:31:39]} 11. Nf3 {[%clk 1:33:36]}
Nbd7 {[%clk 1:27:49]} 12. a4 {[%clk 1:33:59]} Qa5 {[%clk 1:25:34]} 13. Bd2 {[%clk
1:31:41]} Rfb8 {[%clk 1:24:43]} 14. Nb5 {[%clk 1:30:11]} Qb6 {[%clk 1:22:13]} 15.
Qc2 {[%clk 1:29:16]} Rb7 {[%clk 1:11:40]} 16. Bc3 {[%clk 1:22:44]} Ne8 {[%clk
1:07:53]} 17. Nd2 {[%clk 1:17:07]} Nc7 {[%clk 0:58:10]} 18. Nc4 {[%clk 1:16:29]}
Qa6 {[%clk 0:58:26]} 19. Bxg7 {[%clk 1:16:23]} Kxg7 {[%clk 0:58:29]} 20. b3
{[%clk 1:12:54]} Kg8 {[%clk 0:52:20]} 21. Nxc7 {[%clk 1:00:42]} Rxc7 {[%clk
0:51:44]} 22. a5 {[%clk 1:01:04]} Rf8 {[%clk 0:45:44]} 23. h4 {[%clk 1:00:01]} h5
{[%clk 0:43:42]} 24. Ra4 {[%clk 0:55:26]} Rb7 {[%clk 0:41:37]} 25. Rd1 {[%clk
0:51:42]} Rfb8 {[%clk 0:33:05]} 26. Rd3 {[%clk 0:52:03]} Rb4 {[%clk 0:31:47]} 27.
Ra3 {[%clk 0:48:49]} Qc8 {[%clk 0:21:07]} 28. Qe2 {[%clk 0:47:06]} Qa6 {[%clk
0:16:06]} 29. Re3 {[%clk 0:45:35]} Nf6 {[%clk 0:12:44]} 30. Qf3 {[%clk 0:45:00]}
Ng4 {[%clk 0:11:42]} 31. Rc3 {[%clk 0:44:50]} Kg7 {[%clk 0:03:58]} 32. Qd3 {[%clk
0:42:46]} Qa8 {[%clk 0:02:32]} 33. f3 {[%clk 0:35:04]} Nf6 {[%clk 0:02:50]} 34.
a6 {[%clk 0:29:19]} Nd7 {[%clk 0:01:53]} 35. Rc2 {[%clk 0:28:14]} Kg8 {[%clk
0:01:33]} 36. Rd2 {[%clk 0:26:12]} R8b5 {[%clk 0:00:55]} 37. f4 {[%clk 0:25:30]}
Nb6 {[%clk 0:00:45]} 38. e5 {[%clk 0:21:18]} dxe5 {[%clk 0:00:40]} 39. fxe5
{[%clk 0:20:47]} e6 {[%clk 0:00:39]} 40. Nxb6 {[%clk 0:49:36]} Rxb6 {[%clk
0:31:03]} 41. Qf3 {[%clk 0:35:57]} Rxa6 {[%clk 0:10:59]} 42. Rxa6 {[%clk
0:36:20]} Qxa6 {[%clk 0:11:24]} 43. d6 {[%clk 0:36:42]} Rd4 {[%clk 0:09:12]} 44.
Rxd4 {[%clk 0:34:01]} cxd4 {[%clk 0:09:31]} 45. d7 {[%clk 0:34:27]} Qa5 {[%clk
0:05:21]} 46. b4 {[%clk 0:34:52]} Qd8 {[%clk 0:03:55]} 47. Qc6 {[%clk 0:35:17]}
Kf8 {[%clk 0:03:17]} 48. Qd6+ {[%clk 0:35:29]} Kg7 {[%clk 0:03:26]} 49. Qxd4
{[%clk 0:35:02]} Qa8+ {[%clk 0:03:12]} 50. Kg1 {[%clk 0:34:49]} Qf3 {[%clk
0:01:59]} 51. d8Q {[%clk 0:34:46]} Qxg3+ {[%clk 0:02:19]} 52. Kf1 {[%clk
0:35:10]} Qf3+ {[%clk 0:01:55]} 53. Ke1 {[%clk 0:35:33]} 1-0

[Event "Baku Chess Olympiad | Open"]
[Site "chess24.com"]
[Date "2016.09.08"]
[Round "6"]
[White "Kim, Saebyeok"]
[Black "Ben Ammar, Mohamed"]
[Result "*"]
[Board "3"]
[WhiteID "13200518"]
[WhiteElo "1950"]
[WhiteCountry "KOR"]
[WhiteFideId "13200518"]
[BlackID "5502012"]
[BlackElo "1929"]
[BlackCountry "TUN"]
[BlackFideId "5502012"]

1. e4 {[%clk 1:30:55]} e5 {[%clk 1:30:48]} 2. Nf3 {[%clk 1:31:21]} Nc6 {[%clk
1:31:11]} 3. Bc4 {[%clk 1:31:14]} Nf6 {[%clk 1:30:35]} 4. d3 {[%clk 1:31:29]} Bc5
{[%clk 1:30:22]} 5. c3 {[%clk 1:31:49]} d6 {[%clk 1:28:30]} 6. Bb3 {[%clk
1:31:47]} a6 {[%clk 1:24:21]} 7. h3 {[%clk 1:32:03]} h6 {[%clk 1:18:53]} 8. Nbd2
{[%clk 1:32:06]} O-O {[%clk 1:17:45]} 9. g4 {[%clk 1:30:15]} Be6 {[%clk 1:15:48]}
10. Nf1 {[%clk 1:28:58]} Bxb3 {[%clk 1:06:31]} 11. axb3 {[%clk 1:27:40]} d5
{[%clk 1:06:31]} 12. Qe2 {[%clk 1:27:57]} dxe4 {[%clk 1:01:44]} 13. dxe4 {[%clk
1:28:13]} Qd7 {[%clk 1:01:40]} 14. g5 {[%clk 1:22:17]} hxg5 {[%clk 0:46:00]} 15.
Bxg5 {[%clk 1:21:33]} Nh5 {[%clk 0:45:22]} 16. N1d2 {[%clk 0:43:39]} b5 {[%clk
0:37:20]} 17. O-O-O {[%clk 0:40:04]} f6 {[%clk 0:33:05]} 18. Be3 {[%clk 0:40:18]}
Bxe3 {[%clk 0:33:24]} 19. Qxe3 {[%clk 0:39:28]} Nf4 {[%clk 0:33:33]} 20. Rdg1
{[%clk 0:25:32]} Rad8 {[%clk 0:20:33]} 21. Nh4 {[%clk 0:17:38]} Ne7 {[%clk
0:11:39]} 22. Rg3 {[%clk 0:15:40]} Kf7 {[%clk 0:07:45]} 23. Ng2 {[%clk 0:12:43]}
g5 {[%clk 0:07:35]} 24. h4 {[%clk 0:12:47]} Rh8 {[%clk 0:07:18]} 25. Nf3 {[%clk
0:06:42]} Neg6 {[%clk 0:05:14]} 26. Rg1 {[%clk 0:06:09]} Qd3 {[%clk 0:00:52]} 27.
Nxf4 {[%clk 0:04:12]} Nxf4 {[%clk 0:01:02]} 28. Qxd3 {[%clk 0:02:29]} Rxd3 {[%clk
0:01:09]} 29. Kc2 {[%clk 0:01:32]} g4 {[%clk 0:00:45]} 30. Nxe5+ {[%clk 0:01:28]}
fxe5 {[%clk 0:01:14]} 31. Rxd3 {[%clk 0:01:50]} Nxd3 {[%clk 0:01:41]} 32. Kxd3
{[%clk 0:02:14]} Rxh4 {[%clk 0:01:58]} 33. Ra1 {[%clk 0:02:16]} Rh6 {[%clk
0:01:17]} 34. c4 {[%clk 0:02:27]} Rh3+ {[%clk 0:00:48]} 35. Ke2 {[%clk 0:00:51]}
b4 {[%clk 0:00:55]} 36. Rxa6 {[%clk 0:00:52]} Rxb3 {[%clk 0:01:03]} 37. Rc6
{[%clk 0:01:01]} Rxb2+ {[%clk 0:01:17]} 38. Ke1 {[%clk 0:00:56]} b3 {[%clk
0:01:24]} 39. Rxc7+ {[%clk 0:01:08]} Kf6 {[%clk 0:01:54]} 40. Rb7 {[%clk
0:30:35]} Kg5 {[%clk 0:31:28]} 41. c5 {[%clk 0:23:53]} Kf4 {[%clk 0:03:59]} 42.
c6 {[%clk 0:23:38]} Rc2 {[%clk 0:03:31]} 43. Rxb3 {[%clk 0:23:22]} Rxc6 {[%clk
0:03:59]} 44. Kf1 {[%clk 0:22:59]} Kxe4 {[%clk 0:01:16]} 45. Kg2 {[%clk 0:23:15]}
Kf4 {[%clk 0:01:21]} 46. Rb4+ {[%clk 0:22:35]} e4 {[%clk 0:01:34]} 47. Rb8 {[%clk
0:22:28]} Rf6 {[%clk 0:01:22]} 48. Re8 {[%clk 0:22:27]} Rf7 {[%clk 0:01:26]} 49.
Rg8 {[%clk 0:22:31]} Rf6 {[%clk 0:01:38]} 50. Re8 {[%clk 0:22:54]} g3 {[%clk
0:01:00]} 51. fxg3+ {[%clk 0:17:28]} Ke3 {[%clk 0:01:16]} 52. Ra8 {[%clk
0:15:42]} Rf2+ {[%clk 0:01:19]} 53. Kg1 {[%clk 0:16:07]} Rd2 {[%clk 0:01:37]} 54.
g4 {[%clk 0:02:19]} *

[Event "Baku Chess Olympiad | Open"]
[Site "chess24.com"]
[Date "2016.09.08"]
[Round "6"]
[White "Ranaivoharisoa, Alain"]
[Black "Kavinda, Akila"]
[Result "0-1"]
[Board "2"]
[WhiteID "13100025"]
[WhiteElo "2169"]
[WhiteTitle "IM"]
[WhiteCountry "MAD"]
[WhiteFideId "13100025"]
[WhiteEloChange "-14"]
[BlackID "9901302"]
[BlackElo "2020"]
[BlackCountry "SRI"]
[BlackFideId "9901302"]
[BlackEloChange "14"]

1. e4 {[%clk 1:30:53]} d6 {[%clk 1:30:55]} 2. d4 {[%clk 1:31:09]} g6 {[%clk
1:31:22]} 3. Nc3 {[%clk 1:31:28]} Bg7 {[%clk 1:31:49]} 4. f4 {[%clk 1:31:43]} a6
{[%clk 1:32:03]} 5. Nf3 {[%clk 1:29:47]} b5 {[%clk 1:31:04]} 6. a4 {[%clk
1:26:02]} b4 {[%clk 1:30:13]} 7. Nb1 {[%clk 1:26:14]} Bb7 {[%clk 1:28:57]} 8. Bd3
{[%clk 1:24:27]} Nd7 {[%clk 1:25:18]} 9. O-O {[%clk 1:16:10]} c5 {[%clk 1:18:58]}
10. c3 {[%clk 1:10:18]} Nh6 {[%clk 1:02:44]} 11. h3 {[%clk 0:53:45]} O-O {[%clk
0:55:44]} 12. Be3 {[%clk 0:49:31]} c4 {[%clk 0:35:51]} 13. Bxc4 {[%clk 0:44:40]}
Bxe4 {[%clk 0:36:06]} 14. Nbd2 {[%clk 0:40:13]} Bb7 {[%clk 0:34:38]} 15. Qb3
{[%clk 0:26:59]} Nb6 {[%clk 0:21:00]} 16. a5 {[%clk 0:16:17]} Nxc4 {[%clk
0:19:13]} 17. Nxc4 {[%clk 0:15:17]} Nf5 {[%clk 0:12:11]} 18. Bd2 {[%clk 0:11:22]}
bxc3 {[%clk 0:04:53]} 19. bxc3 {[%clk 0:11:33]} Bd5 {[%clk 0:04:22]} 20. Qb4
{[%clk 0:11:13]} Bxf3 {[%clk 0:02:13]} 21. gxf3 {[%clk 0:10:25]} Rb8 {[%clk
0:02:10]} 22. Nb6 {[%clk 0:05:29]} e6 {[%clk 0:02:30]} 23. Qc4 {[%clk 0:01:09]}
Qh4 {[%clk 0:01:57]} 24. Qe2 {[%clk 0:01:22]} Ng3 {[%clk 0:01:22]} 25. Qg2 {[%clk
0:01:41]} Nxf1 {[%clk 0:01:45]} 26. Kxf1 {[%clk 0:01:41]} Rb7 {[%clk 0:01:32]}
27. Be3 {[%clk 0:01:29]} d5 {[%clk 0:01:44]} 28. Ke2 {[%clk 0:01:32]} Rfb8 {[%clk
0:01:21]} 29. Kd3 {[%clk 0:01:10]} Qf6 {[%clk 0:01:43]} 30. Qg5 {[%clk 0:01:16]}
h6 {[%clk 0:01:43]} 31. Qxf6 {[%clk 0:01:24]} Bxf6 {[%clk 0:02:09]} 32. f5 {[%clk
0:01:29]} Bd8 {[%clk 0:01:48]} 33. Na4 {[%clk 0:01:06]} Rb1 {[%clk 0:01:06]} 34.
Ra2 {[%clk 0:01:18]} Rd1+ {[%clk 0:00:45]} 35. Ke2 {[%clk 0:01:29]} Rh1 {[%clk
0:01:03]} 36. Bf4 {[%clk 0:00:53]} Rb5 {[%clk 0:01:26]} 37. fxe6 {[%clk 0:01:05]}
fxe6 {[%clk 0:01:42]} 38. Nc5 {[%clk 0:01:06]} g5 {[%clk 0:01:42]} 39. Be5 {[%clk
0:01:26]} Bf6 {[%clk 0:00:52]} 40. Bc7 {[%clk 0:31:13]} Bd8 {[%clk 0:30:45]} 41.
Be5 {[%clk 0:30:55]} Rxa5 {[%clk 0:27:27]} 42. Rc2 {[%clk 0:31:10]} Raa1 {[%clk
0:22:10]} 43. Rb2 {[%clk 0:21:36]} Rhb1 {[%clk 0:19:26]} 44. Rxb1 {[%clk
0:21:53]} Rxb1 {[%clk 0:19:52]} 45. Nxe6 {[%clk 0:22:14]} Bb6 {[%clk 0:17:09]}
46. f4 {[%clk 0:22:15]} a5 {[%clk 0:12:53]} 47. Kd3 {[%clk 0:20:13]} a4 {[%clk
0:12:42]} 48. Kc2 {[%clk 0:20:25]} Rb5 {[%clk 0:12:26]} 49. fxg5 {[%clk 0:19:21]}
a3 {[%clk 0:07:53]} 50. gxh6 {[%clk 0:19:13]} Kh7 {[%clk 0:05:52]} 51. Bg7 {[%clk
0:19:21]} a2 {[%clk 0:06:04]} 52. Nf8+ {[%clk 0:15:28]} Kg8 {[%clk 0:06:29]} 53.
Be5 {[%clk 0:15:16]} a1Q {[%clk 0:06:45]} 54. h7+ {[%clk 0:15:17]} Kf7 {[%clk
0:06:51]} 55. h8Q {[%clk 0:14:44]} Rb2+ {[%clk 0:06:47]} 56. Kd3 {[%clk 0:15:09]}
Qf1+ {[%clk 0:07:07]} 0-1